00538nam a2200121Ia 4500008004100000082002100041100003500062245008600097260005100183365001000234630008600244730008600330100415s9999 xx 000 0 und d b21895a598.2(54) aRASMUSSEN, PAMELA; ANDERTON, J aBirds of South Asia : the Ripley guide Volume 1 - Field Guide: Purchase for ENVIS aWASHINGTONc2005bSMITHONIAN INSTITUTION PRESS b12900 aBirds of South Asia : the Ripley guide Volume 1 - Field Guide: Purchase for ENVIS aBirds of South Asia : the Ripley guide Volume 1 - Field Guide: Purchase for ENVIS